Quel pays ce dirigeant gère t-il ? - Statistiques

Statistiques générales
  • Ce quiz a été pris 110 fois
  • Le résultat moyen est 10 sur 16
Statistiques - réponses
Par images Hint Réponse % Correct
Emmanuel Macron France
100%
Joe Biden Etats-Unis
99%
Xi Jinping Chine
95%
Shinzō Abe Japon
87%
Sergio Mattarella Italie
82%
Frank-Walter Steinmeier Allemagne
72%
Ekaterini Sakellaropoulou Grèce
65%
Droupadi Murnu Inde
65%
Nicolas Maduro Venezuela
59%
Kassym-Jomart Tokaïev Kazakhstan
56%
Abdelmadjid Tebboune Algérie
55%
Félix Tshisekedi Congo
49%
Cyril Ramaphosa Afrique du sud
43%
David Hurley Australie
41%
Gabriel Boric Chili
34%
Alexander Stubb Finlande
28%
Aucun quiz correspondant
Distribution des résultats
% des personnes avec chaque résultat
Percentile par nombre de réponses
Votre historique - résultats
Vous n’avez pas pris ce quiz